Market places during image crises

Saved in:
Bibliographic Details
Main Author: Avraham
Format: Book
Published: 2008
Tags: Add Tag
No Tags, Be the first to tag this record!
Call Number :

MARC

LEADER 00000pam a2200000 4500
001 26665
003 MY-KLNDU
005 20241218082107.0
020 0 0 |a 0750684526 
020 0 0 |a 9780750684521 
035 |a 0000038816 
039 9 |a 200911181252  |b VLOAD  |y 200910091758  |z VLOAD 
100 0 0 |a Avraham 
245 0 0 |a Market places during image crises 
260 0 0 |a 2008 
591 |a 0000009470  |b 13/07/09  |c 0306-08  |d 1  |e RM189.81  |f 1  |g 189.81  |h Pustaka Darul Warisan Sdn. Bhd. 
999 |a vtls000036645  |c 26665  |d 26665